La Centralidad del trabajo hoy /
Como resultado de las transformaciones y metamorfosis que han tenido lugar en el transcurso de las últimas décadas, el mundo del trabajo experimentó múltiples procesos -que ne los países del Tercer Mundo han tenido repercusiones significativas-, entre los que destacan, por un lado, la desproletariza...
Gardado en:
| Autor Principal: | |
|---|---|
| Formato: | Texto |
| Materias: | |
| Etiquetas: |
Engadir etiqueta
Sen Etiquetas, Sexa o primeiro en etiquetar este rexistro!
|
MARC
| LEADER | 00000 a a2200000 04500 | ||
|---|---|---|---|
| 001 | 11704 | ||
| 003 | |||
| 040 | |||
| 100 | |a Antunes, Ricardo | ||
| 245 | |a La Centralidad del trabajo hoy / |c Ricardo Antunes | ||
| 520 | |a Como resultado de las transformaciones y metamorfosis que han tenido lugar en el transcurso de las últimas décadas, el mundo del trabajo experimentó múltiples procesos -que ne los países del Tercer Mundo han tenido repercusiones significativas-, entre los que destacan, por un lado, la desproletarización del trabajo industrial, es decir, una disminución de la clase obrera industrial tradicional, y paralelamente, una subproletarización del trabajo Este trabajo se enfoca sobre estos aspectos, desde un punto de vista teórico y empírico Los datos empíricos permiten afirmar que, al contrario de los que sostiene la tesis sobre la supresión o eliminación de la clase trabajadora en el capitalismo avanzado, se tiene un amplio abanico de agrupamientos y segmentos que componen la clase que vive del trabajo. REV/SCM | ||
| 650 | |a TRABAJO | ||
| 650 | |a CLASES SOCIALES | ||
| 650 | |a CLASE OBRERA | ||
| 650 | |a CONDICION SOCIAL | ||
| 650 | |a INTERACCION SOCIAL | ||
| 650 | |a RELACION ENTRE LOS GRUPOS | ||
| 773 | |g volumen 6, número 25; páginas 83-96 | ||
| 999 | |c 38122 |d 38122 | ||
